00279nam a2200109Ia 4500008004100000100002300041245003800064260003300102300000900135942000800144999001700152190216s9999||||xx |||||||||||||| ||und|| aRamakrishan Sastry 2aA Treatise On Physics For Iit-Jee bVikas Publishing Housec1998 a973p cREF c36386d36386